Statistiken für Nordamerika Flaggen Quiz

Klicken Sie hier um das Quiz zu spielen!

Allgemein

  • Dieses Quiz wurde 206 mal gespielt
  • Das Durchschnittsergebnis liegt bei 13 aus 16

Antwortstatistiken

Antwort% Korrekt
Kanada
100%
USA
100%
Mexiko
97%
Jamaika
92%
Kuba
92%
Panama
88%
Haiti
85%
Honduras
84%
Costa Rica
83%
Dominikanische Republik
80%
El Salvador
79%
Bahamas
77%
Guatemala
76%
Nicaragua
76%
Belize
74%
Antigua und Barbuda
63%

Verteilung der Resultate

Perzentil nach korrekt beantworteten Fragen

Anzahl Personen mit jedem Resultat

Ihre Resultats-Entwicklung

Sie haben dieses Quiz noch nicht gespielt